000 00426nam a22001697a 4500
005 20180719154929.0
008 160524b xxu||||| |||| 00| 0 eng d
020 _a81-203-17300
041 _aeng
082 _b4779
_a658.15244
100 _aHrishikes, Bhattacharya
_94570
245 _aWorking Capital Management
260 _aNew Delhi
_bAcademic Faundation
300 _a436p,
650 _aManagement
_9241
942 _cBK
999 _c1620
_d1619